000 00461nam a22001937a 4500
003 CEME
005 20210628205855.0
008 210208b xxu||||| |||| 00| 0 eng d
020 _a0-471-57456-2
040 _c.
082 _a547 STO
100 _aStowell, John.C
_977333
245 _aIntermediate organic chemistry
250 _a2ND
260 _aNEWYORK
_bJOHN WILEY
_c1994
300 _a330P
650 _aCHEMISTRY,ORGANIC
_91252
942 _cBK
_2ddc
999 _c582620
_d582620